000 02365nam a22003613i 4500
001 EBC6358297
003 MiAaPQ
005 20251024192621.0
007 cr cnu||||||||
008 251024s2020 xx o ||||0 eng d
020 _a9781487588397
_q(electronic bk.)
020 _z9781487588366
040 _aMiAaPQ
_beng
_cMiAaPQ
100 1 _aBrunelle, Gayle.
_967450
245 1 0 _aAssassination in Vichy :
_bMarx Dormoy and the Struggle for the Soul of France.
250 _a1st ed.
264 1 _aToronto :
_bUniversity of Toronto Press,
_c2020.
264 4 _c©2020.
300 _a1 online resource (327 pages)
336 _aText
_btxt
_2rdacontent
337 _aComputermedien
_bc
_2rdamedia
338 _aOnline Resource
_bcr
_2rdacarrier
500 _aE-Book-ProQuest / Fernzugriff nach Registrierung möglich
505 0 _aCover -- Title Page -- Copyright -- Dedication -- Contents -- Acknowledgments -- Note on Sources -- INTRODUCTION: 26 July 1941: Explosion -- CHAPTER 1: 1888-1941: Marx Dormoy and the Fall of France -- CHAPTER 2: 1941: A Long, Hot Summer -- CHAPTER 3: 26-30 July 1941: Anatomy of a Crime Scene -- CHAPTER 4: 14 August 1941: A Bombing in Nice -- CHAPTER 5: Summer 1941: Recruiting the Assassins -- CHAPTER 6: August-October 1941: The Net Widens -- CHAPTER 7: October 1941-March 1942: The Waiting Game -- CHAPTER 8: 18 April 1942: The Return of Pierre Laval -- CHAPTER 9: 23 January 1943: German Intervention -- CHAPTER 10: 26 August 1944: Liberation -- CONCLUSION: Today: The Legacy of Marx Dormoy -- Glossary of Names -- Organizations -- Timeline -- Notes -- Suggested Reading in English for Students and General Readers -- Bibliography -- Index.
520 _aAn engrossing World War II "who done it" and a well-researched historical study of France's deep political divisions and wartime choices, Assassination in Vichyexplores the impact of right-wing extremism in wartime France.
655 _aFernzugriff
_9230
655 4 _aElectronic books.
700 1 _aFinley-Croswhite, Stephanie Annette.
_967451
776 0 8 _iPrint version:
_aBrunelle, Gayle
_tAssassination in Vichy
_dToronto : University of Toronto Press,c2020
_z9781487588366
856 4 0 _uhttps://ebookcentral.proquest.com/lib/maxweberstiftung-ebooks/detail.action?docID=6358297
_zVolltext
942 _cEB
999 _c73088
_d73088